[Event "Plzen op"]
[Site "Plzen"]
[Date "2012.08.25"]
[Round "9"]
[White "Stanek, Vaclav"]
[Black "Holy, Filip"]
[Result "0-1"]
[WhiteElo "1849"]
[BlackElo "1579"]
[PlyCount "100"]
[EventDate "2012.08.18"]
[EventType "swiss"]
[EventRounds "9"]
[EventCountry "CZE"]
[SourceTitle "CBM 150 Extra"]
[Source "ChessBase"]
[SourceDate "2012.10.19"]
[SourceVersion "1"]
[SourceVersionDate "2012.10.19"]
[SourceQuality "1"]

1. c4 c6 2. Nc3 d5 3. e3 Nf6 4. b3 Bf5 5. Bb2 Nbd7 6. Nf3 e6 7. d4 Qa5 8. a3 Be7 9. b4 Qd8 10. Nh4 Bg4 11. f3 Bh5 12. g3 Ne4 13. Ng2 Nxc3 14. Bxc3 0-0 15. Nf4 Nf6 16. g4 Bg6 17. h4 h5 18. g5 Nd7 19. c5 Qc7 20. Rg1 Rfe8 21. Bd3 Nf8 22. Be2 a6 23. Bd3 b6 24. Qe2 Bxd3 25. Qxd3 g6 26. cxb6 Qxb6 27. Rg2 Rec8 28. e4 Bd6 29. e5 Be7 30. Rc2 Rab8 31. Rac1 Qb5 32. a4 Qxa4 33. Ra1 Qb5 34. Rxa6 Bxb4 35. Bxb4 Qxb4+ 36. Kd1 c5 37. Ne2 cxd4 38. Raa2 Qb1+ 39. Kd2 Qb4+ 40. Kd1 Qb1+ 41. Kd2 Rxc2+ 42. Rxc2 Qb4+ 43. Kd1 Nd7 44. f4 Nc5 45. Qxd4 Qb1+ 46. Nc1 Ne4 47. Qa7 Qb4 48. Qe3 Qa4 49. Qe1 Rc8 50. Qe2 Nc3+ 0-1

[Event "Plzen op-C 9th"]
[Site "Plzen"]
[Date "2003.??.??"]
[Round "5"]
[White "Rouc, Michal"]
[Black "Stanek, Vaclav"]
[Result "1-0"]
[WhiteElo "1793"]
[BlackElo "1635"]
[PlyCount "61"]
[EventDate "2003.08.??"]
[EventType "swiss"]
[EventRounds "9"]
[EventCountry "CZE"]
[SourceTitle "EXT 2005"]
[Source "ChessBase"]
[SourceDate "2004.11.15"]
[SourceVersion "1"]
[SourceVersionDate "2004.11.15"]
[SourceQuality "1"]

1. e4 d6 2. d4 g6 3. Nc3 Bg7 4. f3 c5 5. Nge2 cxd4 6. Nxd4 Nc6 7. Nb3 Bd7 8. Be3 f5 9. Bc4 Nh6 10. Qd5 Rf8 11. 0-0-0 f4 12. Bf2 Nf7 13. Bh4 a6 14. g3 b5 15. Be2 Nb4 16. Qd2 g5 17. Bxg5 Nxg5 18. gxf4 Nh3 19. f5 Be5 20. Kb1 Rg8 21. Qh6 Bxf5 22. exf5 Nf4 23. Rhg1 Rxg1 24. Rxg1 Kd7 25. Bf1 Qh8 26. Bh3 Bxc3 27. f6+ Nxh3 28. Qxh3+ Ke8 29. Qe6 Bxf6 30. Rg8+ Qxg8 31. Qxg8+ 1-0

[Event "Plzen op-C 9th"]
[Site "Plzen"]
[Date "2003.??.??"]
[Round "3"]
[White "Stanek, Vaclav"]
[Black "Pechat, J."]
[Result "0-1"]
[WhiteElo "1635"]
[BlackElo "1758"]
[PlyCount "100"]
[EventDate "2003.08.??"]
[EventType "swiss"]
[EventRounds "9"]
[EventCountry "CZE"]
[SourceTitle "EXT 2005"]
[Source "ChessBase"]
[SourceDate "2004.11.15"]
[SourceVersion "1"]
[SourceVersionDate "2004.11.15"]
[SourceQuality "1"]

1. e4 c5 2. Nc3 Nc6 3. f4 d6 4. Nf3 e6 5. Bc4 a6 6. a3 b5 7. Ba2 Nf6 8. d3 Be7 9. 0-0 Qb6 10. Qe1 0-0 11. Qf2 Bd7 12. h3 a5 13. Be3 Qb8 14. Rab1 b4 15. Ne2 a4 16. Ra1 Qb7 17. e5 b3 18. exd6 Bxd6 19. cxb3 axb3 20. Bb1 Rfc8 21. Nd2 Nd5 22. Nc4 Be7 23. Bd2 Qb8 24. Nc3 Bf6 25. Ne5 Be8 26. Nxd5 exd5 27. Nxc6 Rxc6 28. Bc3 d4 29. Bd2 Qd8 30. a4 Qd5 31. a5 Bd8 32. f5 f6 33. Qg3 Bc7 34. Qg4 h5 35. Qe4 Bf7 36. Qe1 Rca6 37. Rf3 Qd8 38. Rf1 Bxa5 39. Bxa5 Rxa5 40. Rxa5 Qxa5 41. Qxa5 Rxa5 42. Kf2 Ra8 43. Re1 Re8 44. Re4 Re5 45. g4 hxg4 46. hxg4 Bd5 47. Rxe5 fxe5 48. Kg3 g6 49. fxg6 Kg7 50. g5 Kxg6 0-1